UK Town and City Trivia - Cardiff - Statistics

General Stats
  • This quiz has been taken 29 times
  • The average score is 10 of 15
Answer Stats
Hint Answer % Correct
National Stadum of Wales, opened in Cardiff in 1999 Principality
89%
Large, amiable character created by Cardiff born author, Roald Dahl The BFG
89%
Locally mined mineral, of which Cardiff used to be the world's biggest exporter Coal
78%
Welsh language name for Cardiff Caerdydd
74%
Cardiff's principal river Taff
74%
Historic county in which Cardiff belonged until its abolition in 1974 Glamorgan
70%
Cardiff born football player, who played for Manchester United and Wales Ryan Giggs
70%
Name of the National Assembly for Wales and its building in Cardiff Bay Senedd
70%
Singer of three James Bond theme tunes, who was born in Cardiff in 1937 Shirley Bassey
67%
Nickname of Cardiff City Football Club The Bluebirds
59%
Explorer who sailed from Cardiff in 1910 in command of an expedition to the South Pole Robert Falcon Scott
52%
Local name for the area of Cardiff covering Butetown and the docks {Tiger} Bay
52%
Nationality of the one-time church, now arts centre, located in Cardiff Bay Norwegian
48%
Open air National Museum of History located on the outskirts of Cardiff St. Fagans
41%
Medieval place of worship, one of two cathedrals in Cardiff Llandaff
33%
No matching quizzes found
Score Distribution
Percent of People with Each Score
Percentile by Number Answered
Your Score History
You have not taken this quiz